[Event "TCh-POL Ekstraliga 2018"]
[Site "Poland POL"]
[Date "2018.09.15"]
[Round "5.1"]
[Board "5"]
[White "Tomaszewski, Roman"]
[Black "Sieciechowicz, Marcin"]
[Result "0-1"]
[WhiteTitle "IM"]
[BlackTitle "IM"]
[WhiteElo "2265"]
[BlackElo "2410"]
[WhiteTeam "UKS Hetman Czestochowa"]
[BlackTeam "KSz Miedz Legnica"]
[WhiteFideId "1100637"]
[BlackFideId "1130170"]
[EventDate "2018.06.08"]

1. d4 Nf6 2. c4 g6 3. Nc3 d5 4. Bf4 Bg7 5. e3 c5 6. dxc5 Qa5 7. Qa4+ Qxa4 8.
Nxa4 Bd7 9. Nc3 Ne4 10. Rc1 Nxc3 11. bxc3 dxc4 12. Bxc4 Nc6 13. Ne2 Rc8 14. Rb1
Na5 15. Bd5 Rxc5 16. Bxb7 e5 17. Bg3 Bb5 18. a4 Bd3 19. Rb4 O-O 20. f3 Nxb7 21.
Rxb7 Ra5 22. Rb4 Rc8 23. Kf2 Bf8 24. Rb2 f6 25. Rd1 Bc4 26. Ra1 Bc5 27. Rd2 Bb6
28. Ra3 g5 29. Ke1 Bxe3 30. Rd7 Rb8 31. Ra1 Rb2 32. Nc1 Rxg2 0-1

[Event "TCh-POL Ekstraliga 2018"]
[Site "Poland POL"]
[Date "2018.09.15"]
[Round "5.2"]
[Board "1"]
[White "Protaziuk, Grzegorz"]
[Black "Tomczak, Jacek"]
[Result "1/2-1/2"]
[BlackTitle "GM"]
[WhiteElo "2334"]
[BlackElo "2598"]
[WhiteTeam "LKS Wrzos Miedzyborow"]
[BlackTeam "Akademia Szachowa ChessGrow Gliwice"]
[WhiteFideId "1106929"]
[BlackFideId "1124668"]
[EventDate "2018.06.08"]

1. e4 c6 2. c4 d5 3. exd5 cxd5 4. cxd5 Nf6 5. Qa4+ Nbd7 6. Nc3 g6 7. Bc4 Bg7 8.
Nf3 O-O 9. d3 a6 10. Qa3 Nb6 11. Qb3 Bg4 12. Ne5 Nxc4 13. Nxg4 Nxg4 14. Qxc4 Qd7
15. h3 Ne5 16. Qe4 f5 17. Qe2 f4 18. Qe4 e6 19. d4 exd5 20. Qxd5+ Qxd5 21. Nxd5
Nc6 22. O-O Nxd4 23. Nxf4 Rxf4 24. Bxf4 Ne2+ 25. Kh2 Nxf4 26. Rad1 Rf8 27. Rd7
b5 28. g3 Nh5 29. b3 Nf6 30. Ra7 Ne4 31. Kg2 Nd2 32. Rc1 Bd4 33. Rd7 Rxf2+ 34.
Kh1 Bg7 35. Kg1 Rf8 36. Rxd2 Bh6 37. Rcd1 Bxd2 38. Rxd2 1/2-1/2

[Event "TCh-POL Ekstraliga 2018"]
[Site "Poland POL"]
[Date "2018.09.15"]
[Round "5.2"]
[Board "2"]
[White "Czarnota, Pawel"]
[Black "Antoniewski, Rafal"]
[Result "1-0"]
[WhiteTitle "GM"]
[BlackTitle "GM"]
[WhiteElo "2546"]
[BlackElo "2521"]
[WhiteTeam "Akademia Szachowa ChessGrow Gliwice"]
[BlackTeam "LKS Wrzos Miedzyborow"]
[WhiteFideId "1121219"]
[BlackFideId "1111078"]
[EventDate "2018.06.08"]

1. e4 c5 2. Nf3 d6 3. d4 cxd4 4. Nxd4 Nf6 5. Nc3 a6 6. Be2 e5 7. Nb3 Be7 8. Be3
Be6 9. Nd5 Nxd5 10. exd5 Bf5 11. Qd2 O-O 12. O-O Bg6 13. Kh1 Re8 14. a4 Qc7 15.
Rac1 Nd7 16. a5 Bf6 17. c4 e4 18. c5 Nxc5 19. Nxc5 dxc5 20. b4 c4 21. d6 Qd7 22.
Rxc4 Be5 23. Rc7 Qxd6 24. Qxd6 Bxd6 25. Rxb7 Bf5 26. Rd1 Bf8 27. h3 Rec8 28. Rb6
Rc2 29. Bxa6 1-0

[Event "TCh-POL Ekstraliga 2018"]
[Site "Poland POL"]
[Date "2018.09.15"]
[Round "5.2"]
[Board "3"]
[White "Cyborowski, Lukasz"]
[Black "Olszewski, Michal"]
[Result "1-0"]
[WhiteTitle "GM"]
[BlackTitle "GM"]
[WhiteElo "2514"]
[BlackElo "2529"]
[WhiteTeam "LKS Wrzos Miedzyborow"]
[BlackTeam "Akademia Szachowa ChessGrow Gliwice"]
[WhiteFideId "1108760"]
[BlackFideId "1121251"]
[EventDate "2018.06.08"]

1. Nf3 Nf6 2. c4 e6 3. Nc3 Bb4 4. Qc2 c5 5. a3 Bxc3 6. Qxc3 O-O 7. e3 d6 8. b4
e5 9. Bb2 Nc6 10. d3 Re8 11. Be2 Bg4 12. O-O Rc8 13. h3 Bh5 14. Rfe1 Qe7 15.
Rad1 h6 16. Rc1 Qc7 17. Rb1 Re7 18. Rbd1 Qb6 19. bxc5 dxc5 20. g4 Bg6 21. Nh4
Bh7 22. Ng2 Qc7 23. Rf1 Rd8 24. f3 Ne8 25. Rf2 f5 26. Qc1 Nf6 27. f4 fxg4 28.
hxg4 Kh8 29. f5 e4 30. Bxf6 gxf6 31. Nf4 exd3 32. Rxd3 Rxd3 33. Bxd3 Qe5 34. Nd5
Rg7 35. Rg2 h5 36. gxh5 Rxg2+ 37. Kxg2 Bxf5 38. Bxf5 Qxf5 39. Nf4 Qg4+ 40. Kf2
Ne5 41. Qh1 Qd7 42. Ng6+ Kg7 43. Nxe5 fxe5 44. Qg2+ Kh8 45. Qg6 e4 46. Qxe4 Qf7+
47. Qf4 Qxh5 48. Qb8+ Kg7 49. Qxb7+ Kh6 50. Qd5 Qh2+ 51. Kf3 Qh3+ 52. Ke2 Qc8
53. Kd3 Kg6 54. Qd6+ Kf7 55. Ke4 a5 56. Kd5 Qa8+ 57. Kxc5 Qa7+ 58. Kb5 Qxe3 59.
Kxa5 Qc3+ 60. Kb5 Qb2+ 61. Kc6 1-0

[Event "TCh-POL Ekstraliga 2018"]
[Site "Poland POL"]
[Date "2018.09.15"]
[Round "5.2"]
[Board "4"]
[White "Warakomski, Tomasz"]
[Black "Nurkiewicz, Maciej"]
[Result "1/2-1/2"]
[WhiteTitle "GM"]
[WhiteElo "2505"]
[BlackElo "2370"]
[WhiteTeam "Akademia Szachowa ChessGrow Gliwice"]
[BlackTeam "LKS Wrzos Miedzyborow"]
[WhiteFideId "1124552"]
[BlackFideId "1107046"]
[EventDate "2018.06.08"]

1. e4 c5 2. Nf3 d6 3. d4 cxd4 4. Nxd4 Nf6 5. Nc3 a6 6. Qf3 e6 7. Be2 Qb6 8. Nb3
Qc7 9. g4 b5 10. g5 Nfd7 11. a3 Bb7 12. h4 Nc6 13. O-O g6 14. Qg3 b4 15. axb4
Nxb4 16. Ra4 Nc6 17. Bf4 Nde5 18. Rfa1 Bg7 19. Bxa6 Rxa6 20. Rxa6 Bxa6 21. Rxa6
O-O 22. Ra4 f6 23. Bxe5 fxe5 24. Nb5 Qb8 25. c4 d5 26. Qh3 Qb6 27. Qe3 Nd4 28.
exd5 Rf3 29. Ra8+ Bf8 30. Qe4 Rf4 31. Qe3 Rf3 32. Qe4 Rf4 33. Qe3 Rf3 1/2-1/2

[Event "TCh-POL Ekstraliga 2018"]
[Site "Poland POL"]
[Date "2018.09.15"]
[Round "5.2"]
[Board "5"]
[White "Bartel, Michal"]
[Black "Kantans, Toms"]
[Result "0-1"]
[WhiteTitle "FM"]
[BlackTitle "GM"]
[WhiteElo "2360"]
[BlackElo "2526"]
[WhiteTeam "LKS Wrzos Miedzyborow"]
[BlackTeam "Akademia Szachowa ChessGrow Gliwice"]
[WhiteFideId "1119257"]
[BlackFideId "11602945"]
[EventDate "2018.06.08"]

1. e4 c5 2. Nf3 d6 3. Bb5+ Nc6 4. O-O Bd7 5. Re1 Nf6 6. c3 a6 7. Bc4 b5 8. Bf1
e6 9. a4 bxa4 10. Rxa4 a5 11. d4 cxd4 12. cxd4 Nb4 13. Ra1 Be7 14. Nc3 O-O 15.
Bg5 h6 16. Bh4 Bc6 17. Rc1 Re8 18. Bb5 Bxb5 19. Nxb5 Rb8 20. Nxd6 Bxd6 21. e5
Be7 22. exf6 Bxf6 23. Bxf6 Qxf6 24. Ne5 Rb7 25. Qa4 Ra8 26. Red1 Nd5 27. Qc6 Qe7
28. h3 Qb4 29. Nd3 Qb5 30. Qd6 Rb6 31. Qe5 Rd8 32. Rd2 Qa6 33. Nc5 Qa7 34. b3
Rb4 35. Rd3 Qb8 36. Ra1 Rb5 37. Qxb8 Rdxb8 38. Nd7 Rd8 39. Ne5 Nf4 40. Rf3 Ne2+
41. Kf1 Nxd4 42. Nxf7 Rdd5 43. Rf4 e5 44. Nxe5 Nxb3 0-1

[Event "TCh-POL Ekstraliga 2018"]
[Site "Poland POL"]
[Date "2018.09.15"]
[Round "5.2"]
[Board "6"]
[White "Warakomska, Anna"]
[Black "Kulon, Klaudia"]
[Result "1/2-1/2"]
[WhiteTitle "WIM"]
[BlackTitle "WGM"]
[WhiteElo "2349"]
[BlackElo "2356"]
[WhiteTeam "Akademia Szachowa ChessGrow Gliwice"]
[BlackTeam "LKS Wrzos Miedzyborow"]
[WhiteFideId "1130790"]
[BlackFideId "1131044"]
[EventDate "2018.06.08"]

1. e4 e5 2. Nf3 Nc6 3. Bc4 Nf6 4. d3 Bc5 5. O-O d6 6. c3 a6 7. a4 Be6 8. Bxe6
fxe6 9. d4 Bb6 10. dxe5 Nxe5 11. Nxe5 dxe5 12. Qe2 Qd6 13. Nd2 Rd8 14. Nc4 Qc6
15. Bg5 O-O 16. Nxe5 Qc5 17. Nf3 h6 18. Be3 Qc6 19. Bxb6 Qxb6 20. Qc4 c5 21.
Rad1 Qc6 22. Ne5 Qxe4 23. Qxe6+ Kh7 24. Rde1 Qc2 25. Qc4 Qxb2 26. Qxc5 Rfe8 27.
Nf3 Rxe1 28. Rxe1 Qc2 29. h3 Qxa4 30. Qf5+ Kg8 31. Qe6+ Kh7 32. Qf5+ Kg8 33.
Qe6+ Kh7 34. Qf5+ 1/2-1/2

[Event "TCh-POL Ekstraliga 2018"]
[Site "Poland POL"]
[Date "2018.09.15"]
[Round "5.3"]
[Board "1"]
[White "Kuzmicz, Krystian"]
[Black "Wojtaszek, Radoslaw"]
[Result "0-1"]
[WhiteTitle "IM"]
[BlackTitle "GM"]
[WhiteElo "2460"]
[BlackElo "2730"]
[WhiteTeam "Bialy Krol Wisznia Mala"]
[BlackTeam "Wasko HETMAN GKS Katowice"]
[WhiteFideId "1119125"]
[BlackFideId "1118358"]
[EventDate "2018.06.08"]

1. e4 c5 2. c3 Nf6 3. e5 Nd5 4. d4 cxd4 5. Nf3 Nc6 6. cxd4 d6 7. Bc4 dxe5 8.
dxe5 Ndb4 9. a3 Qxd1+ 10. Kxd1 Na6 11. b4 Bg4 12. Bb2 Nc7 13. Nd2 e6 14. h3 Bh5
15. g4 Bg6 16. Nh4 O-O-O 17. Ke2 Nd4+ 18. Bxd4 Rxd4 19. Ke3 Rd7 20. Nxg6 hxg6
21. Ne4 Be7 22. f4 Nd5+ 23. Bxd5 Rxd5 24. Rac1+ Kb8 25. Nc3 Rd7 26. Ne4 f5 27.
exf6 gxf6 28. Nc5 Bxc5+ 29. Rxc5 f5 30. gxf5 exf5 31. Rc3 Rh4 32. Kf3 Rd4 33.
Kg3 Rhxf4 34. Rhc1 a6 35. Rc8+ Ka7 36. Rg8 Rfe4 37. Rc3 Re6 38. Kf3 Red6 39. Ke3
f4+ 40. Ke2 Rd2+ 41. Ke1 Rd1+ 42. Ke2 R6d2+ 43. Kf3 Rd3+ 44. Rxd3 Rxd3+ 45. Kg4
Rg3+ 46. Kxf4 Rxh3 47. Ke4 Rxa3 48. Kd4 Rg3 49. Rg7 Kb6 50. Kc4 Kc6 51. Kd4 b6
52. Kc4 Rg4+ 53. Kc3 Kb5 54. Rg8 Rg3+ 0-1

[Event "TCh-POL Ekstraliga 2018"]
[Site "Poland POL"]
[Date "2018.09.15"]
[Round "5.3"]
[Board "2"]
[White "Navara, David"]
[Black "Plichta, Kamil"]
[Result "1-0"]
[WhiteTitle "GM"]
[BlackTitle "FM"]
[WhiteElo "2727"]
[BlackElo "2335"]
[WhiteTeam "Wasko HETMAN GKS Katowice"]
[BlackTeam "Bialy Krol Wisznia Mala"]
[WhiteFideId "309095"]
[BlackFideId "1141830"]
[EventDate "2018.06.08"]

1. e4 c5 2. Nf3 g6 3. c4 Bg7 4. d4 cxd4 5. Nxd4 Nc6 6. Be3 Nf6 7. Nc3 Ng4 8.
Qxg4 Nxd4 9. Qd1 e5 10. Bd3 O-O 11. O-O d6 12. a4 Be6 13. a5 f5 14. exf5 Nxf5
15. Qe2 Kh8 16. a6 b6 17. Nb5 Qe7 18. Be4 Rad8 19. Bb7 Bc8 20. Bxc8 Rxc8 21.
Rad1 Rfd8 22. b3 Rd7 23. Rd5 Bf8 24. Rfd1 Kg8 25. h3 Rcd8 26. Bc1 h5 27. Qe4 Kf7
28. b4 Qe6 29. Kh2 Be7 30. Be3 Rc8 31. c5 Nxe3 32. Rxd6 Bxd6 33. Rxd6 Rxd6 34.
Nxd6+ Kf6 35. fxe3 Rf8 36. Qb7 bxc5 37. Ne4+ Kf5 38. Nxc5 Qf7 39. Qc6 e4 40. Qd6
g5 41. Ne6 Qxe6 42. g4+ hxg4 43. hxg4+ Kxg4 44. Qxe6+ Kf3 45. Qe7 1-0

[Event "TCh-POL Ekstraliga 2018"]
[Site "Poland POL"]
[Date "2018.09.15"]
[Round "5.3"]
[Board "3"]
[White "Butkiewicz, Lukasz"]
[Black "Miton, Kamil"]
[Result "1/2-1/2"]
[WhiteTitle "IM"]
[BlackTitle "GM"]
[WhiteElo "2449"]
[BlackElo "2604"]
[WhiteTeam "Bialy Krol Wisznia Mala"]
[BlackTeam "Wasko HETMAN GKS Katowice"]
[WhiteFideId "1122428"]
[BlackFideId "1111914"]
[EventDate "2018.06.08"]

1. d4 d5 2. c4 e6 3. Nf3 Nf6 4. g3 dxc4 5. Bg2 Bb4+ 6. Bd2 a5 7. O-O O-O 8. Qc2
b5 9. a4 bxa4 10. Rxa4 Bb7 11. Bxb4 axb4 12. Rxa8 Bxa8 13. Qxc4 Bd5 14. Qd3 c5
15. dxc5 Qa5 16. Nbd2 Qxc5 17. Qd4 Nbd7 18. Ra1 Rc8 19. Qxc5 Rxc5 20. Ne1 g6 21.
Bxd5 Nxd5 22. Kg2 Kg7 23. Nb3 Rc4 24. Nd3 Rc7 25. Rc1 Ra7 26. e4 N5b6 27. Nbc5
Nxc5 28. Rxc5 Rd7 29. Nxb4 Na4 30. Rc2 Rd4 31. Nc6 Rxe4 32. b4 Nb6 33. Ra2 1/2-1/2

[Event "TCh-POL Ekstraliga 2018"]
[Site "Poland POL"]
[Date "2018.09.15"]
[Round "5.3"]
[Board "4"]
[White "Gajewski, Grzegorz"]
[Black "Skawinski, Arkadiusz"]
[Result "1-0"]
[WhiteTitle "GM"]
[BlackTitle "FM"]
[WhiteElo "2607"]
[BlackElo "2425"]
[WhiteTeam "Wasko HETMAN GKS Katowice"]
[BlackTeam "Bialy Krol Wisznia Mala"]
[WhiteFideId "1116207"]
[BlackFideId "1126415"]
[EventDate "2018.06.08"]

1. c4 e6 2. d4 d5 3. Nf3 Nf6 4. Bg5 c6 5. e3 h6 6. Bh4 Nbd7 7. Nc3 Be7 8. Rc1
O-O 9. a3 b6 10. Bd3 Bb7 11. O-O c5 12. cxd5 Nxd5 13. Bg3 Nxc3 14. bxc3 Rc8 15.
a4 Nf6 16. Nd2 cxd4 17. cxd4 Qd5 18. f3 Rxc1 19. Qxc1 Rc8 20. Qb2 Qa5 21. Nc4
Qb4 22. Qxb4 Bxb4 23. Rb1 Bf8 24. Bf1 Nd5 25. a5 Rc6 26. axb6 axb6 27. Be1 b5
28. Na5 Rb6 29. e4 Ne3 30. Rxb5 Rxb5 31. Bxb5 Nc2 32. Nxb7 Nxe1 33. d5 exd5 34.
exd5 Nc2 35. d6 Nd4 36. Ba4 1-0

[Event "TCh-POL Ekstraliga 2018"]
[Site "Poland POL"]
[Date "2018.09.15"]
[Round "5.3"]
[Board "5"]
[White "Bronowicki, Mateusz"]
[Black "Socko, Bartosz"]
[Result "0-1"]
[WhiteTitle "FM"]
[BlackTitle "GM"]
[WhiteElo "2288"]
[BlackElo "2588"]
[WhiteTeam "Bialy Krol Wisznia Mala"]
[BlackTeam "Wasko HETMAN GKS Katowice"]
[WhiteFideId "1122690"]
[BlackFideId "1107038"]
[EventDate "2018.06.08"]

1. f4 d5 2. Nf3 g6 3. e3 Bg7 4. d4 c5 5. c3 Nf6 6. Bd3 O-O 7. O-O b6 8. Qe2 Bb7
9. b3 Nbd7 10. Bb2 Ne4 11. a4 Qc7 12. Na3 Rac8 13. c4 dxc4 14. bxc4 e6 15. Nb5
Qb8 16. Ne5 Rfd8 17. a5 a6 18. Nc3 Nxc3 19. Bxc3 cxd4 20. exd4 b5 21. Rac1 Qd6
22. Rfe1 bxc4 23. Bxc4 Nxe5 24. fxe5 Bxe5 25. dxe5 Qc5+ 26. Kh1 Qxc4 27. Qf2 Qc5
28. Qb2 Qd5 29. Bb4 Rxc1 30. Rxc1 Qb5 31. Qc3 Qe2 32. Rg1 Bxg2+ 33. Rxg2 Rd1+
34. Rg1 Qe4+ 0-1

[Event "TCh-POL Ekstraliga 2018"]
[Site "Poland POL"]
[Date "2018.09.15"]
[Round "5.3"]
[Board "6"]
[White "Socko, Monika"]
[Black "Bartel, Marta"]
[Result "1-0"]
[WhiteTitle "GM"]
[BlackTitle "WGM"]
[WhiteElo "2458"]
[BlackElo "2247"]
[WhiteTeam "Wasko HETMAN GKS Katowice"]
[BlackTeam "Bialy Krol Wisznia Mala"]
[WhiteFideId "1106619"]
[BlackFideId "1123009"]
[EventDate "2018.06.08"]

1. e4 c5 2. Nf3 e6 3. d4 cxd4 4. Nxd4 Nc6 5. Nc3 Qc7 6. Be2 a6 7. O-O Nf6 8. Kh1
b5 9. a3 Nxd4 10. Qxd4 Bc5 11. Qd3 Bb7 12. f4 h5 13. e5 Ng4 14. Bf3 Rc8 15. Bxb7
Qxb7 16. Ne4 Be7 17. Bd2 Nh6 18. Bb4 Nf5 19. Rae1 Qc6 20. c3 Qc4 21. Qd1 Qc7 22.
Rf3 Qa7 23. Rh3 a5 24. Bxe7 Kxe7 25. Nd6 Rc6 26. Nxb5 Qf2 27. Rd3 Rd8 28. Nd6
Nxd6 29. exd6+ Kf8 30. Rf1 Qc5 31. f5 exf5 32. Qxh5 1-0

[Event "TCh-POL Ekstraliga 2018"]
[Site "Poland POL"]
[Date "2018.09.15"]
[Round "5.4"]
[Board "1"]
[White "Klekowski, Maciej"]
[Black "Bartel, Mateusz"]
[Result "1/2-1/2"]
[WhiteTitle "IM"]
[BlackTitle "GM"]
[WhiteElo "2509"]
[BlackElo "2602"]
[WhiteTeam "TS Wisla Krakow"]
[BlackTeam "KSz Polonia Wroclaw"]
[WhiteFideId "1132717"]
[BlackFideId "1112635"]
[EventDate "2018.06.08"]

1. c4 Nf6 2. Nc3 e5 3. g3 Bb4 4. Bg2 O-O 5. Nf3 Re8 6. O-O Nc6 7. d3 h6 8. e4
Bc5 9. Be3 d6 10. h3 a5 11. a3 Bd7 12. Kh2 Bxe3 13. fxe3 Ne7 14. b4 Ng6 15. Qd2
c6 16. d4 Qc7 17. Ng1 axb4 18. axb4 Rxa1 19. Rxa1 c5 20. dxc5 dxc5 21. b5 Be6
22. Qe2 Ne7 23. Nf3 Nc8 24. Nd2 Nd6 25. Qd3 Nd7 26. h4 Nf6 27. Bh3 Qd7 28. Bxe6
Qxe6 29. Kg2 Nh5 30. Qe2 Qg6 31. Qf3 f5 32. Kh3 Rf8 33. Rf1 f4 34. exf4 exf4 35.
g4 Ng3 36. Nd5 Qe6 37. Nxf4 Rxf4 38. Qxf4 Nxf1 39. Qxf1 Nxe4 40. Nxe4 Qxe4 41.
h5 b6 1/2-1/2

[Event "TCh-POL Ekstraliga 2018"]
[Site "Poland POL"]
[Date "2018.09.15"]
[Round "5.4"]
[Board "2"]
[White "Mastrovasilis, Dimitrios"]
[Black "Matuszewski, Michal"]
[Result "1-0"]
[WhiteTitle "GM"]
[BlackTitle "IM"]
[WhiteElo "2580"]
[BlackElo "2505"]
[WhiteTeam "KSz Polonia Wroclaw"]
[BlackTeam "TS Wisla Krakow"]
[WhiteFideId "4202694"]
[BlackFideId "1129775"]
[EventDate "2018.06.08"]

1. e4 c5 2. Nf3 d6 3. d4 cxd4 4. Nxd4 Nf6 5. Nc3 a6 6. Be3 e5 7. Nf3 Be7 8. Bc4
O-O 9. O-O Nc6 10. Bg5 Ng4 11. Bxe7 Qxe7 12. Nd5 Qd8 13. Qd3 Be6 14. Rad1 Na5
15. Bb3 Rc8 16. h3 Bxd5 17. Qxd5 Nf6 18. Qxd6 Qxd6 19. Rxd6 Nxb3 20. cxb3 Nxe4
21. Rb6 Rc2 22. Rxb7 Rxb2 23. Nxe5 Rxa2 24. Re7 Nf6 25. Rd1 Re8 26. Rxe8+ Nxe8
27. Rd8 Kf8 28. Rd7 f6 29. Nc6 Ra1+ 30. Kh2 Kg8 31. Ra7 Ra2 32. Kg1 Ra1+ 33. Kh2
Ra2 34. f4 h5 35. Nd4 Ra3 36. Rd7 Kh7 37. f5 Kg8 38. Kg3 Ra2 39. Ne6 Rb2 40. Rd3
Kf7 41. Nf4 Rb1 42. Kh4 Rf1 43. g3 Ke7 44. Ng6+ Kf7 45. Nf4 Ke7 46. Kxh5 Nd6 47.
Ng6+ Kf7 48. Nh8+ Ke7 49. g4 Nxf5 50. gxf5 Rxf5+ 51. Kg6 Rg5+ 52. Kh7 Ke6 53.
Ng6 Kf7 54. Rd7+ Ke8 55. Re7+ Kd8 56. Re3 1-0

[Event "TCh-POL Ekstraliga 2018"]
[Site "Poland POL"]
[Date "2018.09.15"]
[Round "5.4"]
[Board "3"]
[White "Leniart, Arkadiusz"]
[Black "Tazbir, Marcin"]
[Result "1-0"]
[WhiteTitle "IM"]
[BlackTitle "GM"]
[WhiteElo "2489"]
[BlackElo "2525"]
[WhiteTeam "TS Wisla Krakow"]
[BlackTeam "KSz Polonia Wroclaw"]
[WhiteFideId "1124226"]
[BlackFideId "1122452"]
[EventDate "2018.06.08"]

1. e4 e6 2. d3 c5 3. g3 d5 4. Nd2 Nc6 5. Bg2 Nf6 6. Ngf3 g6 7. O-O Bg7 8. Re1
O-O 9. Qe2 b5 10. Nf1 a5 11. e5 Nd7 12. Bf4 Nd4 13. Nxd4 cxd4 14. h4 Ra6 15. Nh2
Rc6 16. Rac1 f6 17. exf6 Bxf6 18. Bh6 Rf7 19. f4 Rd6 20. Ng4 Bg7 21. Bxg7 Kxg7
22. Ne5 Nxe5 23. Qxe5+ Kg8 24. Qxd4 Qb6 25. Qxb6 Rxb6 26. Kf2 Kf8 27. Ke3 Ke7
28. Kd4 Kd6 29. c3 a4 30. a3 Bd7 31. Re5 Rb8 32. Rce1 h5 33. Bh3 Rf6 34. R1e2
Rbf8 35. Rg5 Rc8 36. Bf1 Be8 37. Rc2 Rc5 38. Re5 Bd7 39. c4 Rf8 40. Rg5 Be8 41.
Rc3 bxc4 42. dxc4 Rf5 43. Rxf5 exf5 44. Bg2 dxc4 45. Rxc4 Rb5 46. Rb4 Ra5 47.
Rb6+ Kc7 48. Re6 Kd8 49. Bd5 Bf7 50. Re5 Be8 51. Bc4 Ra7 52. Bb5 Bxb5 53. Rxb5
Re7 54. Rd5+ Kc8 55. Rd6 Rb7 56. Ra6 Rxb2 57. Rxa4 Rg2 58. Rc4+ Kd7 59. Rc3 Kd6
60. Rb3 Rd2+ 61. Kc3 Ra2 62. Kb4 Re2 63. a4 Kc6 64. Rc3+ Kb7 65. Kc5 Re6 66. Kd5
Ra6 67. Ke5 Rb6 68. Rc5 Ra6 69. a5 Kb8 70. Kd5 Kb7 71. Ke5 Kb8 72. Rc3 Kb7 73.
Rb3+ Kc7 74. Rb5 Kd7 75. Rd5+ Kc7 76. Rc5+ Kb8 77. Kd5 Kb7 78. Kc4 Ra7 79. Kb5
Ra8 80. Re5 1-0

[Event "TCh-POL Ekstraliga 2018"]
[Site "Poland POL"]
[Date "2018.09.15"]
[Round "5.4"]
[Board "4"]
[White "Gumularz, Szymon"]
[Black "Tomczak, Mikolaj"]
[Result "1-0"]
[WhiteTitle "IM"]
[BlackTitle "FM"]
[WhiteElo "2452"]
[BlackElo "2418"]
[WhiteTeam "KSz Polonia Wroclaw"]
[BlackTeam "TS Wisla Krakow"]
[WhiteFideId "1188062"]
[BlackFideId "1175114"]
[EventDate "2018.06.08"]

1. e4 c5 2. Nf3 d6 3. d4 cxd4 4. Nxd4 Nf6 5. Nc3 a6 6. Be2 e5 7. Nf3 Be7 8. Bg5
Nbd7 9. a4 h6 10. Be3 b6 11. Nd2 Bb7 12. Bc4 O-O 13. Qe2 Qc7 14. O-O Nc5 15.
Bxc5 Qxc5 16. Rfd1 Rfc8 17. Bb3 Rab8 18. Nf1 Bf8 19. Qf3 Qb4 20. Ng3 Kh8 21. Re1
Rc7 22. Nf5 Nd7 23. Na2 Qd2 24. Rad1 Qg5 25. Nxd6 Bxd6 26. Rxd6 Qe7 27. Red1 Rf8
28. Nc3 Bc6 29. Qe3 Nc5 30. h3 Qg5 31. Qe2 f5 32. Bd5 Bxa4 33. exf5 Qxf5 34.
Nxa4 Nxa4 35. Be4 Qf7 36. R1d3 Nc5 37. Rf3 Qe7 38. Rxb6 Rcc8 39. Rxf8+ Qxf8 40.
Bg6 Qd8 41. Qg4 a5 42. Rd6 Qc7 43. Rd5 Rd8 44. Qc4 Rxd5 45. Qxd5 Nb7 46. Be4 Nd8
47. Qb5 Qe7 48. Qxa5 Kg8 49. Qd5+ Kf8 50. c4 Ne6 51. Qxe5 1-0

[Event "TCh-POL Ekstraliga 2018"]
[Site "Poland POL"]
[Date "2018.09.15"]
[Round "5.4"]
[Board "5"]
[White "Mikrut, Dariusz"]
[Black "Dobrowolski, Piotr"]
[Result "1/2-1/2"]
[WhiteTitle "IM"]
[BlackTitle "IM"]
[WhiteElo "2379"]
[BlackElo "2423"]
[WhiteTeam "TS Wisla Krakow"]
[BlackTeam "KSz Polonia Wroclaw"]
[WhiteFideId "1112791"]
[BlackFideId "1106236"]
[EventDate "2018.06.08"]

1. d4 Nf6 2. Nf3 d5 3. c4 e6 4. Nc3 Be7 5. cxd5 exd5 6. Bf4 Bf5 7. Qb3 Nc6 8. e3
O-O 9. Rc1 Na5 10. Qd1 c6 11. Bd3 Bxd3 12. Qxd3 Nc4 13. b3 Nd6 14. O-O Nde4 15.
h3 Nxc3 16. Qxc3 Ne4 17. Qc2 Ba3 18. Rcd1 Bd6 19. Ne5 f6 20. Nd3 Re8 21. Rfe1
Bxf4 22. Nxf4 Qd6 23. Nd3 Re7 24. Rc1 Rae8 25. b4 Qd8 26. a4 Nd6 27. Qb3 a6 28.
Nc5 Kh8 29. Rb1 Qc8 30. Qd3 Qf5 31. Qxf5 Nxf5 32. Rec1 1/2-1/2

[Event "TCh-POL Ekstraliga 2018"]
[Site "Poland POL"]
[Date "2018.09.15"]
[Round "5.5"]
[Board "1"]
[White "Kryvoruchko, Yuriy"]
[Black "Moranda, Wojciech"]
[Result "1/2-1/2"]
[WhiteTitle "GM"]
[BlackTitle "GM"]
[WhiteElo "2705"]
[BlackElo "2601"]
[WhiteTeam "KSz Stilon Gorzow Wlkp."]
[BlackTeam "WIEZA PEGOW"]
[WhiteFideId "14109182"]
[BlackFideId "1122401"]
[EventDate "2018.06.08"]

1. e4 c5 2. Nf3 e6 3. d4 cxd4 4. Nxd4 Nc6 5. Nc3 Qc7 6. Be3 a6 7. f4 b5 8. Nxc6
Qxc6 9. Bd3 Bb7 10. Qd2 Nf6 11. Bd4 b4 12. Bxf6 gxf6 13. Nd1 f5 14. exf5 Qxg2
15. Qxg2 Bxg2 16. Rg1 Bc6 17. Ne3 Bc5 18. Kd2 h5 19. Rae1 Kf8 20. Rg5 Be7 21.
Rgg1 Bc5 22. Rg5 Be7 23. Rgg1 Bc5 1/2-1/2

[Event "TCh-POL Ekstraliga 2018"]
[Site "Poland POL"]
[Date "2018.09.15"]
[Round "5.5"]
[Board "2"]
[White "Dziuba, Marcin"]
[Black "Piorun, Kacper"]
[Result "0-1"]
[WhiteTitle "GM"]
[BlackTitle "GM"]
[WhiteElo "2577"]
[BlackElo "2631"]
[WhiteTeam "WIEZA PEGOW"]
[BlackTeam "KSz Stilon Gorzow Wlkp."]
[WhiteFideId "1112953"]
[BlackFideId "1130420"]
[EventDate "2018.06.08"]

1. d4 Nf6 2. c4 e6 3. Nf3 d5 4. g3 Be7 5. Bg2 O-O 6. O-O dxc4 7. Qa4 Qd5 8. Na3
Bd7 9. Qxc4 Bxa3 10. Qxd5 exd5 11. bxa3 Bb5 12. Re1 c6 13. Rb1 Nbd7 14. a4 Ba6
15. a5 Rfe8 16. e3 Ne4 17. Ba3 f5 18. Bh3 g6 19. Rec1 Rac8 20. g4 Kf7 21. Rb2
Kf6 22. gxf5 gxf5 23. Nh4 Rg8+ 24. Kh1 c5 25. f3 cxd4 26. Rxc8 Rxc8 27. fxe4
Rc1+ 28. Kg2 Bf1+ 29. Kg3 f4+ 30. Kxf4 Bxh3 31. exd4 dxe4 32. Kxe4 Re1+ 33. Kf4
Rd1 34. Nf3 Be6 35. Nd2 Bd5 36. Ne4+ Kf7 37. Nd6+ Kg6 38. Bc5 Rf1+ 39. Ke3 Rf3+
40. Ke2 0-1

[Event "TCh-POL Ekstraliga 2018"]
[Site "Poland POL"]
[Date "2018.09.15"]
[Round "5.5"]
[Board "3"]
[White "Krasenkow, Michal"]
[Black "Michalik, Peter"]
[Result "1-0"]
[WhiteTitle "GM"]
[BlackTitle "GM"]
[WhiteElo "2631"]
[BlackElo "2552"]
[WhiteTeam "KSz Stilon Gorzow Wlkp."]
[BlackTeam "WIEZA PEGOW"]
[WhiteFideId "1113100"]
[BlackFideId "14907526"]
[EventDate "2018.06.08"]

1. d4 Nf6 2. c4 e6 3. Nf3 d5 4. g3 Be7 5. Bg2 O-O 6. O-O dxc4 7. Ne5 Nc6 8. Bxc6
bxc6 9. Nxc6 Qe8 10. Nxe7+ Qxe7 11. Qc2 e5 12. Rd1 exd4 13. Rxd4 Re8 14. Bg5 c5
15. Rd2 Bh3 16. Na3 h6 17. Bxf6 Qxf6 18. Nxc4 Rad8 19. Rxd8 Rxd8 20. Rd1 Be6 21.
Rxd8+ Qxd8 22. b3 Qf6 23. Qb2 Qg6 24. f3 Qf5 25. Ne3 Qg5 26. Kf2 Qd8 27. Nc4 Qd1
28. Qe5 Qc2 29. Nd6 Kf8 30. Nb7 1-0